000 01529nam a2200253Ia 4500
999 _c56131
_d56131
001 23232
003 GE_BSU
005 20251104160113.0
008 181216s1991||||ge |||||||||||||| ||geo||
040 _cGE_BSU
041 _ageo
080 _a94(5):94(479.22) ა-99
245 _aახლო აღმოსავლეთი და საქართველო /
_cრედ. : ო. ცქიტიშვილი ; მხატვ. : ნ. გაბუნია ; საქ-ს მეცნიერებათა აკადემია, გ. წერეთლის სახელობის აღმოსავლეთმცოდნეობის ინსტიტუტი.
264 _aთბილისი :
_bმეცნიერება,
_c1991.
300 _a460 გვ. :
_bილ. 1ფ. ;
_c 21სმ.
500 _aშემოკლებანი გვ. : 455-460
541 _h20 ლ.
653 _aახლო აღმოსავლეთი და საქართველო
653 _aსაქართველოს ისტორია
700 _aცქიტიშვილი, ო.
_eრედაქტორი
_910219
700 _aგაბუნია, ნ.
_eმხატვარი
_912844
710 _aსაქ-ს მეცნიერებათა აკადემია
_bგ. წერეთლის სახელობის აღმოსავლეთმცოდნეობის ინსტიტუტი
_926159
942 _cBK
_2udc